000 00284nam a2200121Ia 4500
005 20251222154307.0
008 251222s9999||||xx |||||||||||||| ||spa||
082 _a624.171/A67/Ej.4
100 _aArbulú G., Biaggio
245 0 _aAnálisis Estructural
264 _bUNI
942 _cLIB
999 _c33275
_d33275